000 01287nam a22002657a 4500
005 20260325102233.0
008 260325b |||||||| |||| 00| 0 eng d
020 _a9789354642722
040 _cAL
041 _aEnglish
082 _a515
_bAPOC
100 _aTom M Apostol and others
_9259246
245 _aCalculus
250 _a2
260 _aNew Delhi
_bWiley India Pvt Ltd
_c2022
300 _a623 p.
_bPB
_c25x20 cm.
365 _aVBI-2645
_b₹771.75
_c
_d₹1029.00
_e25%
_f20-02-2026
440 _aVolume II
_9259247
520 _aCalculus, Second Edition, strikes a perfect balance between theory and technique. Although it differs from the majority of contemporary texts, treating integration before differentiation is the most accurate historical representation of the relationship between the integral and the derivative. This introduces the mean-value theorems and their applications earlier in the text, incorporates a treatment of linear algebra, and contains many new and easier exercises. As in the first edition, an interesting historical introduction precedes each important new concept.
650 _aAn Indian adaptation
_9259248
700 _aSaini,Anju
_9259249
700 _aMishra,Babita
_9259250
700 _aGarg,Vanita
_9259251
942 _2ddc
_cBK
999 _c241056
_d241056